• 首页
  • 本馆介绍
  • 公告通知
  • 最新文献
  • 馆藏检索
  • 电子资源
  • 读者导购
  • 参考咨询
  • 我的图书馆
  • 登录
  • 详细信息显示
  • 放入我的书架
  • 预约/预借图书
  • 作者相关作品
  • 分类相关作品
  • 丛书相关作品
  • 出版社相关作品

书目信息

  • 表格格式
  • 工作单格式
  • 卡片格式
题名:
奥林匹克运动会成绩
    
 
作者: 刘修武 编
分册:  
出版信息: 北京   人民体育出版社  1984
页数: 595页
开本: 19cm
丛书名:
单 册:
中图分类: G811.81 , G811.8
科图分类:
主题词: 运动成绩-奥运会--统计资料 , 体育事业--世界
电子资源:
ISBN:
000 00772nam0 2200277 45
001 0184003071
005 20041103091331.7
010    @dCNY3.45
091    @a7015.2185
100    @a19950502d1984 em y0chiy0121 ea
101 0  @achi
102    @aCN@b110000
105    @ay i 000yy
106    @ar
200 10 @a奥林匹克运动会成绩@Aao lin pi ke yun dong hui cheng ji@e夏季1-22届、冬季1-13届@f刘修武编
210    @a北京@c人民体育出版社@d1984
215    @a595页@d19cm
601 02 @a奥运会@x运动成绩@x统计资料
606    @a运动成绩-奥运会@x统计资料
606 0  @a体育事业@x世界
690    @aG811.81@v3
690    @aG811.8@v3
701  0 @a刘修武@Aliu xiu wu@4编
801  0 @aCN@b上海图书馆@c20040916
801  2 @aCN@bNLC@c20040916
905    @f1@b137395@dG811.8@e7
    
    奥林匹克运动会成绩:夏季1-22届、冬季1-13届/刘修武编.-北京:人民体育出版社,1984
    595页;19cm
    
    
    ISBN :CNY3.45
    
●
相关链接 在E读中查询图书 在五车中查询图书 在当当中查询图书 在豆瓣中查询图书


正题名:奥林匹克运动会成绩     索取号:G811.8/7         预约/预借

序号 登录号 条形码 馆藏地/架位号 状态 备注
1 0137395   001957635   密集书库/ [索取号:G811.8/7] 在馆    
2 0137396   000298733   第一样本阅览室/ [索取号:G811.8/7] 在馆    
唐山师范学院图书馆 欢迎您!
大连网信软件有限公司© 版权所有